00253nam a2200097Ia 4500008004000000082001600040100002300056245002700079260004100106300000800147210210b1976 xxu||||| |||| 00| 0 eng d a153.93 SULS aSULLIVAN (Norman). aSullivan's I.Q. tests. aLondonbTandem Publishing Ltd.c1976 a189